|
|
|
|
| LEADER |
03163njm a2200757 a 4500 |
| 001 |
000224723 |
| 003 |
CZ BrMZK |
| 005 |
20040628152105.0 |
| 008 |
010907s1997 xr f cze d |
| 028 |
0 |
1 |
|a 0006-4
|b Písnička
|
| 040 |
|
|
|a BOA001
|b cze
|
| 080 |
|
|
|a 784.4(437.1)(086.7)
|2 MRF
|
| 100 |
1 |
|
|a Pospíšil, Jiří,
|d 1927-2004
|7 jn20000620293
|4 aut
|
| 245 |
1 |
0 |
|a Letěla husička- , aneb, Padesát let s českou písničkou
|h [zvukový záznam] /
|c zpívá a hraje Jiří Ica Pospíšil.
|
| 246 |
3 |
3 |
|a U kláštera pole
|
| 246 |
3 |
3 |
|a V tom třeboňským zámku
|
| 246 |
3 |
3 |
|a Čí jsou to koníčky
|
| 246 |
3 |
3 |
|a A já sám, vždycky sám
|
| 246 |
3 |
3 |
|a Ančičko z Tejna, nechoď do mlejna
|
| 246 |
3 |
3 |
|a Co jsou se me nahledali
|
| 246 |
3 |
3 |
|a Horo, horo, vysoká jsi
|
| 246 |
3 |
3 |
|a Hájku, hájku, hájku, háječku zelený
|
| 246 |
3 |
3 |
|a Jel sedlák do mlejna
|
| 246 |
3 |
3 |
|a Já jsem forman, to já dobře vím
|
| 246 |
3 |
3 |
|a Kdo se to prochází po tej panskej hrázi
|
| 246 |
3 |
3 |
|a Když jsme jeli přes Račice
|
| 246 |
3 |
3 |
|a Když jsme na vrané koně sedali
|
| 246 |
3 |
3 |
|a Koupím já si koně vraný
|
| 246 |
3 |
3 |
|a Letěla husička
|
| 246 |
3 |
3 |
|a Lístečku dubový
|
| 246 |
3 |
3 |
|a Na třeboňský hrázi
|
| 246 |
3 |
3 |
|a Nade mlejnem, pode mlejnem
|
| 246 |
3 |
3 |
|a Naše Káče něco má
|
| 246 |
3 |
3 |
|a Otčenáš
|
| 246 |
3 |
3 |
|a Pivíčko jak višně
|
| 246 |
3 |
3 |
|a Protivínskej zámek mezi horama
|
| 246 |
3 |
3 |
|a Proto jsem se na vojnu dal
|
| 246 |
3 |
3 |
|a Sluníčko za hory zachází
|
| 246 |
3 |
3 |
|a Stojim pod okny celý promoklý
|
| 246 |
3 |
3 |
|a Ta naše láska bejvala hezká
|
| 246 |
3 |
3 |
|a Tamhle u Dunaje šaty perou
|
| 260 |
|
|
|a Hukvaldy :
|b Písnička,
|c p1997
|
| 300 |
|
|
|a 1 MC :
|b stereo, Dolby systém +
|e 1 složený list.
|
| 500 |
|
|
|a Durata neuv
|
| 500 |
|
|
|a Nahr. 1953-1995
|
| 505 |
2 |
|
|a Letěla husička, A já sám, vždycky sám, Koupím já si koně vraný ... [et. al.]
|
| 511 |
0 |
|
|a Hana Chlomková, zpěv; Johana Rosická, zpěv, Zora Soukupová, zpěv ... [et al.]. Malá česká muzika Jiřího Pospíšila; Chorea bohemica, Plzeňský lidový soubor ... [et al.]
|
| 653 |
0 |
|
|a české lidové písně
|
| 700 |
1 |
|
|a Krček, Josef,
|d 1946-
|7 xx0007003
|4 prf
|
| 700 |
1 |
|
|a Nesládek, Jiří
|4 prf
|
| 700 |
1 |
|
|a Preclík, Čestmír
|4 prf
|
| 700 |
1 |
|
|a Rosická, Johana
|4 prf
|
| 700 |
1 |
|
|a Soukupová, Zora,
|d 1922-1981
|7 jk01120575
|4 aut
|
| 700 |
1 |
|
|a Bláha, Zdeněk,
|d 1929-2025
|7 xx0003153
|4 prf
|
| 700 |
1 |
|
|a Gollwell, John,
|d 1893-1953
|7 jk01032528
|4 prf
|
| 700 |
1 |
|
|a Chlomková, Hana
|4 prf
|
| 700 |
1 |
|
|a Hřebačka, Ladislav,
|d 1929-1992
|7 ola200203932
|4 prf
|
| 710 |
2 |
|
|a Malá česká muzika Jiřího Pospíšila
|7 ko2002149415
|4 prf
|
| 710 |
2 |
|
|a Muzika Souboru Josefa Vycpálka
|4 prf
|
| 710 |
2 |
|
|a Plzeňský lidový soubor
|7 ko2003196159
|
| 710 |
2 |
|
|a Chorea Bohemica (umělecká skupina)
|7 ko2002149416
|
| 710 |
2 |
|
|a Malá muzika Souboru písní a tanců Josefa Vycpálka
|7 ko2003196158
|4 prf
|
| 910 |
|
|
|a BOA001
|b KZ-0004.795
|
| 964 |
|
|
|a Písně lidové české
|x MC
|
| 990 |
|
|
|a AV
|
| 996 |
6 |
|
|b 261H004910
|c KZ-0004.795
|l MZK
|r Sklad / do 24 hodin
|n 0
|p p.v.
|w 000224723
|u 000010
|a 1
|e BOA001
|j MZK50
|s P
|